LEADER 01434nam--2200457---45-- 001 990000281020203316 005 20060127113818.0 010 $a88-86323-4 035 $a0028102 035 $aUSA010028102 035 $a(ALEPH)000028102USA01 035 $a0028102 100 $a20001024D1997----u0ITAa01030506ba-ba 101 $aITA 102 $aIT 105 $a||||||||001yy 200 1 $aDei dolori e delle pene$esaggio abolizionista sull'obiezione di coscienza$fVincenzo Guagliardo$gpresentazione di Renâe Lourau 210 $aTivoli$cSensibili alle foglie$d1997 215 $a185 p.$d22 cm. 225 2 $aOspiti$v4 410 0$12001$aOspiti 606 $aCarceri$xItalia 606 $aPena$xDiritto penale 606 $aViolenza$xAspetti sociali 676 $a365.945 700 1$aGUAGLIARDO,$bVincenzo$3CFIV107393$0482964 702 1$aLourau, Renâe 801 0$aIT$bUNPD 912 $a990000281020203316 951 $aVI.3.B. 1206a(V A 1186 Bis)$b157028 L.M.$cV A$d00005742 951 $aVI.3.B. 1206(V A 1186)$b154027 L.M.$cV A$d00005741 959 $aBK 969 $aUMA 979 $aTAMI$b40$c20001024$lUSA01$h1602 979 $aTAMI$b40$c20001024$lUSA01$h1607 979 $c20001110$lUSA01$h1716 979 $c20020403$lUSA01$h1636 979 $aPATRY$b90$c20040406$lUSA01$h1620 979 $aCOPAT1$b90$c20060127$lUSA01$h1138 996 $aDei dolori e delle pene$9862592 997 $aUNISA